Estados de EE.UU. con 10 millones de personas - ¡Muerte súbita! - Estadísticas

Estadísticas generales
  • Esta prueba ha sido intentada 463 veces
  • La puntuación promedio es 4 de 10
Answers on the Grid
Answers color-coded by a green-red scale on the quiz's grid according to % correct below.
Arizona
California
Carolina del Norte
Colorado
Florida
Georgia
Hawái
Illinois
Indiana
Maryland
Massachusetts
Michigan
Minnesota
Misuri
Nueva Jersey
Nueva York
Ohio
Oregón
Pensilvania
Tennessee
Texas
Virginia
Washington
Wisconsin
 
Estadísticas de respuestas
Respuesta % Correcto
California
82%
Nueva York
71%
Florida
64%
Texas
55%
Illinois
40%
Pensilvania
24%
Georgia
20%
Michigan
16%
Ohio
15%
Carolina del Norte
14%
No se encontraron pruebas coincidentes
Distribución de puntuación
Porcentaje de gente con cada puntuación
Porcentaje por número respondido
Historial de tus puntuaciones
No has intentado esta prueba.